| 000 | 00925nam a2200253 a 4500 | ||
|---|---|---|---|
| 005 | 20251128063951.0 | ||
| 008 | 030813s2001 mx r 000 0 spa d | ||
| 020 | _a8487682405 | ||
| 035 | _aUPN01000127894 | ||
| 049 | _aCG | ||
| 050 | 4 |
_aLC177.2 _bG7.28 |
|
| 100 | 1 | _aGreen, Andy | |
| 245 | 1 | 0 |
_aConvergencias y divergencias en los sistemas europeos de educación y formación profesional / _cAndy Green, Tom Leney, Alison Wolf ; tr. José M. Pomares. |
| 260 |
_aBarcelona, Esp. : _bPomares, _c2001. |
||
| 300 | _a528 p. | ||
| 440 | 0 | _aEducación y conocimiento | |
| 534 |
_pTraducción de : _tConvergences and divergences in European education and training systems |
||
| 650 | 4 |
_aEducación superior _zEuropa _912717 |
|
| 650 | 4 |
_aEducación superior _xInvestigación _913625 |
|
| 650 | 4 |
_aEducación y Estado _zEuropa _915129 |
|
| 700 | 1 |
_aLeney, Tom, _ecoaut. |
|
| 700 | 1 |
_aWolf, Alison, _ecoaut. |
|
| 905 | _aLibro | ||
| 999 |
_c100073 _d100073 |
||